Logo biblioteca
Santa Fe 2917, Rosario, Santa Fe
Lu-Vi 8 a 19.45
+54-341-4232362
bibliotecaeudoro@gmail.com
Facebook Biblioteca Pedagógica
Sitio web

Este libro es gay / (Registro nro. 32257)

Detalles MARC
000 -CABECERA
campo fijo de control de longitud 00893nam a2200277 4500
001 - NÚMERO DE CONTROL
campo de control 32257
003 - IDENTIFICADOR DEL NÚMERO DE CONTROL
campo de control AR-RoBPED
005 - FECHA Y HORADE LA ULTIMA TRANSACCION
campo de control 20251110143717.0
008 - ELEMENTOS DE LONGITUD FIJA--INFORMACION GENERAL
campo fijo de control de longitud 251106s2014 es a|||gr|||| 001 0 spa d
020 ## - ISBN
ISBN 9788496886407
040 ## - FUENTE CATALOGADORA
Centro catalogador/agencia de origen AR-RoBPED
041 ## - IDIOMA
Código de idioma para texto/pista de sonido o título independiente spa
100 1# - ENCABEZAMIENTO PRINCIPAL--AUTOR PERSONAL
Nombre de persona Dawson, Juno
Fechas nac-muerte 1981-
9 (RLIN) 30491
245 ## - TITULO
Título Este libro es gay /
Mención de responsabilidad Juno Dawson; ilustraciones de Spike Gerrell y traducción de Antonio-Prometeo Moya
260 ## - PUBLICACION
Lugar España :
Editor Urano,
Fecha 2014.
300 ## - DESCRIPCION FISICA
Extensión 280 p. ;
Otros detalles físicos il.
650 #4 - TERMINO DE MATERIA--CONTROLADO
Término controlado IDENTIDAD DE GENERO
9 (RLIN) 20625
Término controlado DIVERSIDAD
9 (RLIN) 16484
Término controlado ESTEREOTIPOS
9 (RLIN) 9185
Término controlado DISCRIMINACION
9 (RLIN) 776
Término controlado EDUCACION SEXUAL INTEGRAL
9 (RLIN) 19404
700 ## - ENCABEZAMIENTO SECUNDARIO--AUTOR PERSONAL
Nombre de persona Gerrell, Spike
9 (RLIN) 30493
Función ilust.
Nombre de persona Prometeo Moya, Antonio
9 (RLIN) 30492
Función trad.
942 ## - ELEMENTOS KOHA
Fuente de clasificación Universal Decimal Classification
Koha tipo de ítem Libro
Clasificación 305
Signatura librística D 19
Inventario inv. 41899
Número Koha k. 32257
945 ## - PROCESAMIENTO DE LA INFORMACIÓN LOCAL
Catalogador y fecha mm 06/11/2025 - cd 07/11/2025
Existencias
Estado retirado Estado perdido Fuente de clasificación Estado dañado No se presta Biblioteca propietaria Biblioteca de reserva Fecha de adquisición Procedencia Total de préstamos Signatura topográfica completa Código de barras (nº de inventario) Fecha visto por última vez Catalogador y fecha Tipo de ítem Koha Nota pública
    Universal Decimal Classification     Biblioteca Pedagógica Eudoro Díaz Biblioteca Pedagógica Eudoro Díaz 23/06/2025 Donación   305 D 19 41899 06/11/2025 mm 06/11/2025 Libro Se presta 15 días.